| 000 | 00671nam a2200193 i 4500 | ||
|---|---|---|---|
| 001 | 132384 | ||
| 003 | ES-MaACL | ||
| 005 | 20250812024132.0 | ||
| 007 | t| | ||
| 008 | 070214m19451946ag r ||||1| spa d | ||
| 100 | 1 |
_aRomero Brest, Jorge. _999358 |
|
| 245 | 1 | 0 |
_aHistoria de las artes plásticas / _cJorge Romero Brest. |
| 260 |
_aBuenos Aires : _bPoseidón, _c1945-1946. |
||
| 300 |
_a3 v. : _bil. ; _c21 cm. |
||
| 505 | 8 | _aContiene: v. I: Introducción a la Historia de las artes plásticas ---- v. II: La pintura ---- v. III: La arquitectura y la escultura | |
| 650 | 0 | 4 |
_aArte- _vHistoria _910107 |
| 852 |
_aES-MaACL _jP-964 |
||
| 999 |
_c132384 _d132384 |
||